000 00859nam a2200241Ia 4500
003 OSt
005 20220923220853.0
006 a|||||r|||| 00| 0
007 ta
008 220922b |||||||| |||| 00| 0 hin d
024 _a191,707
037 _cTextual
040 _aARTS
_cARTS
_bhin
041 _2hin
_ahin
082 _aV2'L07<-K58, 152L7
100 _aअतहर अली, एम0
_9164734
245 0 _aऔरंगजेब कालीन मुगल अमीर वर्ग, अनु राधेश्याम
246 _aAurangajeb kālīn mugal amīr varga, anu0 rādheshyāma
260 _aदिल्ली
_b राधाकृष्ण प्रकाशन
_c1977
300 _a410पृ.
_ccm.
942 _hV2'L07<-K58, 152L7
_cTEXL
_2CC
999 _c344363
_d344363